000 00283nam a22001337a 4500
008 190305b xxu||||| |||| 00| 0 eng d
020 _a0721668860
041 _aeng
080 _22nd
_a617
100 _a8
101 _aORT
245 _aSkeletal Trauma
_cBrowner
942 _2udc
_cBK
999 _c54568
_d54568